Chanteurs et groupes par lettre - M - Statistiques

Statistiques générales
  • Ce quiz a été pris 805 fois
  • Le résultat moyen est 13 sur 20
Statistiques - réponses
Période d’activité Pays Chansons Groupe ou artiste % Correct
1972 - 2009 Billie Jean | Bad Michael Jackson
91%
1965 - Les lacs du Connemara | Je vais t’aimer Michel Sardou
86%
1983 - Elle a les yeux revolver | Toi mon amour Marc Lavoine
83%
2006 - Grace Kelly | Relax, Take It Easy MIKA
83%
1984 - Désenchantée | Sans contrefaçon Mylène Farmer
83%
1990 - Always Be My Baby | All I Want for Christmas Is You Mariah Carey
82%
2007 - Party in the U.S.A. | Wrecking Ball Miley Cyrus
78%
2002 - Moves like Jagger | Sugar Maroon 5
75%
1998 - La tribu de Dana | Mais qui est la belette Manau
74%
1983 - Like a Prayer | Vogue Madonna
69%
2011 - Thrift Shop | Can't Hold Us Macklemore & Ryan Lewis
68%
1963 - 1992 La groupie du pianiste | Le paradis blanc Michel Berger
68%
2016 - ZITTI E BUONI | Beggin' Maneskin
65%
2017 - Bad Boy | Oh la folle Marwa Loud
61%
1990 Caroline | Sonotone MC Solaar
60%
1963 - 2015 Pour un flirt | Le chasseur Michel Delpech
53%
1983 - Enter Sandman | Nothing Else Matters Metallica
48%
1966 - On irait tous au paradis | Love Me, Please Love Me Michel Polnareff
47%
1999 - Supermassive Black Hole | Uprising Muse
40%
1961 - 1984 What's Going On? | Sexual Healing Marvin Gaye
30%
Aucun quiz correspondant
Distribution des résultats
% des personnes avec chaque résultat
Percentile par nombre de réponses
Votre historique - résultats
Vous n’avez pas pris ce quiz